000 01408cam a22003737a 4500
003 CHAP
005 20220329142502.0
008 010611d2000 mx d r 00110 spa d
010 _a84139
011 _a85111
035 _a95641
040 _cCHAP
090 _aFolleto 16138
100 0 0 _aVázquez Alvarado, Jorge Miguel Paulino.
_9120300
245 1 4 _aLas cooperativas y los mercados agrícolas del Japón:
_bejemplo y oportunidad para los agricultores
_c/por Jorge Miguel Paulino Vázquez Alvarado
260 _aZacatepec, Mor. :
_bINIFAP. Centro de Investigación Regional del Centro,
_c2000
300 _a66 p. :
_btablas ; diagramas
490 0 _aPublicación especial
_v; No. 27
590 _aBATCH-UPD
_b10
_c20130109
_lUCH01
_h2346
590 _aBATCH-UPD
_b10
_c20130110
_lUCH01
_h0340
590 _aBATCH-UPD
_b10
_c20130110
_lUCH01
_h1823
590 _aBATCH-UPD
_b10
_c20130409
_lUCH01
_h1916
590 _aBATCH-UPD
_b10
_c20130410
_lUCH01
_h0051
590 _aBATCH-UPD
_b10
_c20130913
_lUCH01
_h2139
590 _aCONVERSION
_b10
_c20130109
_lUCH01
_h1347
650 1 4 _aAgricultura cooperativa
_xJapón.
_91971
650 1 4 _aMercados.
_974925
710 0 _aINIFAP. México. Campo Experimental Zacatepec.
_958775
830 0 _aPublicación especial
_v; No. 27
_992760
901 _aBK
905 _aMarco A. Mendoza T.
942 _cFOLL
949 _aFolleto 16138
_bBC
_cFOLL
_d956411
_eTS1
_i95641
_sb
999 _c84139
_d84139